|
|
|
|
| LEADER |
00000nam2a2200000 4500 |
| 001 |
204086 |
| 005 |
20241211110402.0 |
| 035 |
|
|
|a (RuTPU)RU\TPU\book\222423
|
| 035 |
|
|
|a RU\TPU\book\222422
|
| 090 |
|
|
|a 204086
|
| 100 |
|
|
|a 20111118d1947 k y0rusy50 ca
|
| 101 |
0 |
|
|a rus
|
| 102 |
|
|
|a RU
|
| 105 |
|
|
|a a|||z|||001yy
|
| 181 |
|
0 |
|a i
|b e
|
| 182 |
|
0 |
|a n
|
| 183 |
|
0 |
|a nc
|2 RDAcarrier
|
| 200 |
0 |
|
|a Вып. 24
|f под ред. В. А. Жданова
|
| 203 |
|
|
|a Текст
|b визуальный
|c непосредственный
|
| 210 |
|
|
|d 1947
|
| 215 |
|
|
|a 258 с.
|c ил.
|
| 283 |
|
|
|a volume
|2 RDAcarrier
|
| 320 |
|
|
|a Библиогр. в конце ст.
|
| 461 |
|
1 |
|0 (RuTPU)RU\TPU\book\65965
|t Труды Сибирского физико-технического института
|f Томский государственный университет (ТГУ), Сибирский физико-технический институт им. В. Д. Кузнецова (СФТИ)
|v Вып. 24
|d 1932-1974
|
| 610 |
1 |
|
|a Кузнецов В. Д.
|
| 610 |
1 |
|
|a прочность
|
| 610 |
1 |
|
|a пластическое сжатие
|
| 610 |
1 |
|
|a абразивный износ
|
| 610 |
1 |
|
|a металлы
|
| 610 |
1 |
|
|a сплавы
|
| 610 |
1 |
|
|a сталь
|
| 610 |
1 |
|
|a темновые реакции
|
| 610 |
1 |
|
|a магнитные поля
|
| 675 |
|
|
|a 539
|v 3
|
| 702 |
|
1 |
|a Жданов
|b В. А.
|4 340
|
| 801 |
|
1 |
|a RU
|b 63413507
|c 20040406
|g PSBO
|
| 801 |
|
2 |
|a RU
|b 63413507
|c 20140324
|g PSBO
|
| 942 |
|
|
|c CR
|